Principles of anatomy and hysiology (Record no. 360794)

MARC details
000 -LEADER
fixed length control field 00552 a2200217 4500
005 - DATE & TIME
control field 20250421145853.0
008 - FIXED-LENGTH DATA ELEMENTS--GENERAL INFORMATION
fixed length control field 250421b |||||||| |||| 00| 0 eng d
020 ## - ISBN
International Standard Book Number 9789357461641
Price Rs. 3795.00
040 ## - CATALOGING SOURCE
Original cataloging agency VIVEKANANDA LIBRARY
082 ## - DDC NUMBER
Classification number 612
Book Number T638P(16)
100 ## - MAIN ENTRY--PERSONAL NAME
Personal name Tortora, Gerard J
245 ## - TITLE STATEMENT
Title Principles of anatomy and hysiology
250 ## - EDITION STATEMENT
Edition statement 16th
260 ## - PUBLICATION, DISTRIBUTION, ETC. (IMPRINT)
Name of publisher, distributor, etc Wiley India
Date of publication, distribution, etc 2024
Place of publication, distribution, etc New Delhi
300 ## - PHYSICAL DESCRIPTION
Pages v.
650 ## - Subject
Subject Phrarmaceutical Science
650 ## - Subject
General subdivision Anatomy
650 ## - Subject
General subdivision Physiology
700 ## - Added Entry Personal Name
Added Entry Personal Name Derrickson, Bryan H
942 ## - ADDED ENTRY ELEMENTS (KOHA)
Koha item type Books
Holdings
Withdrawn status Lost status Source of classification or shelving scheme Damaged status Not for loan Location (home branch) Sublocation or collection (holding branch) Shelving location Date acquired Koha issues (times borrowed) Koha full call number Accession No. Koha date last seen Koha item type
    Dewey Decimal Classification     VIVEKANANDA LIBRARY VIVEKANANDA LIBRARY Vivekananda Library 03/02/2025 3 612 T638P(16) 437299 09/04/2026 Books
    Dewey Decimal Classification     VIVEKANANDA LIBRARY VIVEKANANDA LIBRARY Vivekananda Library 21/04/2025 2 612 T638P(16) 437298 29/09/2025 Books
© Designed and Maintained by Vivekananda Library, MDU Rohtak